000 00668nam a2200217Ia 4500
005 20250508161022.0
008 008 250505s9999 xx 000 0 eng d
020 _a0-7100-0112-6
037 _aTextual
040 _aFEDL
_beng
_cFEDL
041 _aeng
_2eng
084 _a374, FOR
_qFEDL
100 _aFordham Paul
245 0 _aLearning networks in adult education : Non- formal education on a housing estate
260 _aLondon, UK
_bRoutledge and Kegan Paul
_c1979
300 _aviii,250p
490 _aRoutledge education book
700 _a Poulton Geoff Randle Lawrence
_9770028
942 _cTEXL
_h374, FOR
999 _c1367956
_d1367956